[Event "Voronezh op-B 22nd"]
[Site "Voronezh"]
[Date "2018.06.17"]
[Round "6"]
[White "Yakimenko, Andrey"]
[Black "Napalkov, Vladimir Aleksandro"]
[Result "1-0"]
[WhiteElo "1977"]
[BlackElo "2005"]
[PlyCount "99"]
[EventDate "2018.06.12"]
[EventType "swiss"]
[EventRounds "9"]
[EventCountry "RUS"]
[SourceTitle "CBM 185 Extra"]
[Source "ChessBase"]
[SourceDate "2018.07.29"]
[SourceVersion "1"]
[SourceVersionDate "2018.07.29"]
[SourceQuality "1"]

1. e4 c6 2. d3 d5 3. Nd2 Nf6 4. e5 Nfd7 5. Ngf3 e6 6. Be2 c5 7. c3 Nc6 8. d4 cxd4 9. cxd4 Qb6 10. Nb3 a5 11. a4 Bb4+ 12. Kf1 0-0 13. g3 f6 14. exf6 Nxf6 15. Kg2 Bd7 16. Be3 Be8 17. Ne5 Ne4 18. Rf1 Bd6 19. Bb5 Qc7 20. f3 Nf6 21. f4 Bxe5 22. dxe5 Bh5 23. Be2 Bxe2 24. Qxe2 Ne4 25. Rac1 Qd7 26. Qb5 Rfd8 27. Bb6 Re8 28. Nxa5 Qf7 29. Nxc6 bxc6 30. Qxc6 Qh5 31. Qc2 Rec8 32. Qxc8+ Rxc8 33. Rxc8+ Kf7 34. Rc2 Qg4 35. a5 h5 36. Rf3 Kg6 37. a6 Qf5 38. a7 Ng5 39. fxg5 Qxc2+ 40. Kg1 Qc6 41. Bd4 Qc1+ 42. Rf1 Qc8 43. Ra1 Qa8 44. b4 Kf5 45. b5 Ke4 46. b6 Kxd4 47. b7 Qxb7 48. a8Q Qxa8 49. Rxa8 Kxe5 50. Rg8 1-0

[Event "Voronezh op-B 19th"]
[Site "Voronezh"]
[Date "2015.06.19"]
[Round "7"]
[White "Abasheeva, Ksenia"]
[Black "Napalkov, Vladimir Aleksandro"]
[Result "1-0"]
[WhiteElo "1787"]
[BlackElo "2140"]
[PlyCount "63"]
[EventDate "2015.06.12"]
[EventType "swiss"]
[EventRounds "9"]
[EventCountry "RUS"]
[SourceTitle "CBM 167 Extra"]
[Source "ChessBase"]
[SourceDate "2015.09.14"]
[SourceVersion "1"]
[SourceVersionDate "2015.09.14"]
[SourceQuality "1"]

1. e4 c6 2. d4 d5 3. exd5 cxd5 4. c4 Nf6 5. Nc3 e6 6. Nf3 Bb4 7. cxd5 Nxd5 8. Qc2 Nc6 9. Bd3 Be7 10. a3 Nf6 11. 0-0 0-0 12. Rd1 h6 13. Bf4 Bd7 14. d5 exd5 15. Nxd5 Nxd5 16. Bh7+ Kh8 17. Rxd5 Qe8 18. Bd3 Be6 19. Rb5 Qd7 20. Rd1 Rfd8 21. Be2 Qc8 22. Rxd8+ Nxd8 23. Qd2 a6 24. Ra5 Nc6 25. Ra4 Qe8 26. Bxh6 Rd8 27. Qe3 gxh6 28. Qxh6+ Kg8 29. Ng5 Bxg5 30. Qxg5+ Kf8 31. Rh4 f6 32. Qxf6+ 1-0